000 00932nam a2200301 a 4500
001 15159
003 BD-RjUL
005 20211208235748.0
008 140209s1981 nyua b 001 0 eng
020 _a0471055050 (set)
035 _a(BD-RjUL)15213
040 _aDLC
_cDLC
_dDLC
_dBD-RjUL
_beng
041 _aeng
082 0 0 _a657
_219
_bACC 1981
245 0 0 _aAccountants' handbook /
_cedited by Lee J. Seidler, D.R. Carmichael.
250 _a6th ed.
260 _aNew York :
_bWiley,
_cc1981.
300 _a2 v. :
_bill. ;
_c25 cm.
490 0 _aThe Wiley/Ronald series in professional accounting and business
500 _a"A Ronald Press publication."
504 _aIncludes bibliographies and index.
505 _avol. 1. vol. 2
650 0 _aAccounting.
_947166
700 1 _aSeidler, Lee J.
_947167
700 1 _aCarmichael, D. R.
_q(Douglas R.),
_d1941-
_947168
942 _2ddc
_cBK
_03
999 _c15159
_d15159